000 00664nam a2200217 i 4500
001 90504
003 ES-MaACL
005 20230906180448.0
007 t|
008 050121s1964 sp ||||1| spa d
100 1 _aLebreton, Jules.
_971035
245 1 0 _aLumen Christi
_b: doctrina espiritual del Nuevo Testamento /
_cJules Lebreton ; [traducida por Martín Ezcurdia].
250 _aVersión de la 21ª ed. francesa.
260 _aBArcelona :
_bEler,
_c[1964]
300 _a365 p. ;
_c19 cm.
490 1 _aEler ;
_v5
700 1 _aEzcurdia, Martín.
_948460
830 0 _aEler ;
_v5
_9181476
852 _aES-MaACL
_jC-26450
_bR.55396
999 _c90504
_d90504